EMQs in Clinical Medicine (Record no. 526)

MARC details
000 -LEADER
fixed length control field 00536nam a22002057a 4500
003 - CONTROL NUMBER IDENTIFIER
control field OSt
005 - DATE AND TIME OF LATEST TRANSACTION
control field 20200128103159.0
008 - FIXED-LENGTH DATA ELEMENTS--GENERAL INFORMATION
fixed length control field 140925b xxu||||| |||| 00| 0 eng d
020 ## - INTERNATIONAL STANDARD BOOK NUMBER
International Standard Book Number 9781444121513
040 ## - CATALOGING SOURCE
Transcribing agency DNLM
082 ## - DEWEY DECIMAL CLASSIFICATION NUMBER
Classification number WB18 S26e 2011
100 ## - MAIN ENTRY--PERSONAL NAME
Personal name Syed, Irfan; Syed, Zishan
9 (RLIN) 1358
245 ## - TITLE STATEMENT
Title EMQs in Clinical Medicine
250 ## - EDITION STATEMENT
Edition statement 2nd ed
260 ## - PUBLICATION, DISTRIBUTION, ETC. (IMPRINT)
Place of publication, distribution, etc. UK;
Name of publisher, distributor, etc. Hodder Arnold,
Date of publication, distribution, etc. 2011
300 ## - PHYSICAL DESCRIPTION
Extent ix, 308 p :
Other physical details ill;
Dimensions 26 cm
504 ## - BIBLIOGRAPHY, ETC. NOTE
Bibliography, etc Includes answers and index
650 ## - SUBJECT ADDED ENTRY--TOPICAL TERM
Topical term or geographic name as entry element Clinical Medicine
9 (RLIN) 1359
942 ## - ADDED ENTRY ELEMENTS (KOHA)
Source of classification or shelving scheme Other/Generic Classification Scheme
Koha item type Short Loan
Holdings
Withdrawn status Lost status Source of classification or shelving scheme Damaged status Not for loan Home library Current library Date acquired Source of acquisition Inventory number Total Checkouts Full call number Barcode Date last seen Koha item type
    Other/Generic Classification Scheme     MUST Main Library MUST Main Library 25/09/2014 Donation 14/37618   WB18 S26e 2011 2014-3001 25/09/2014 Short Loan
    Other/Generic Classification Scheme     MUST Main Library MUST Main Library 25/09/2014 Donation 14/37616   WB 18 S26e 2011 2014-3002 25/09/2014 Short Loan
    Other/Generic Classification Scheme     MUST Main Library MUST Main Library 25/09/2014 Donation 14/37617   WB18 S26e 2011 2014-3003 25/09/2014 Short Loan